01312nam a2200349Ia 4500001001200000003000800012006001900020007001500039008004100054020002200095020002200117020002500139020002500164020001800189040002100207035002100228050002900249082001600278100003500294245006200329260005200391300001500443440002700458504005100485533015200536600006300688650002200751655002900773710001700802856012600819999001700945ebr10723907CaPaEBRm o u cr cn|||||||||081211s2010 enk sb 001 0 eng d z0746310714 (hbk.) z0746310765 (pbk.) z9780746310717 (hbk.) z9780746310762 (pbk.) z9780746312643 aCaPaEBRcCaPaEBR a(OCoLC)85456948214aPR6025.A1628bZ75 2010eb04a821.9142231 aMacrae, Alasdair D. F.,d1939-10aNorman MacCaigh[electronic resource] /cAlasdair Macrae. aTavistock :bNorthcote House Publishers,c2010. axi, 121 p. 0aWriters and their work aIncludes bibliographical references and index. aElectronic reproduction.bPalo Alto, Calif. :cebrary,d2013.nAvailable via World Wide Web.nAccess may be limited to ebrary affiliated libraries.10aMacCaig, Norman,d1910-1996xCriticism and interpretation. 0aAuthors, English. 7aElectronic books.2local2 aebrary, Inc.40uhttp://site.ebrary.com/lib/rucke/Doc?id=10723907zAn electronic book accessible through the World Wide Web; click to view c38436d38436